Uhlands Werke (Запис номер 343891)
[ съкратено ]
| 000 -Лидер | |
|---|---|
| Контролно поле с фиксирана дължина | 01382nam a2200337 c 4500 |
| 003 - Код на организацията, давaща контролен номер | |
| Контролно поле | BLK |
| 005 - Дата и час на последна редакция | |
| Контролно поле | 20190930150041.0 |
| 008 - Елементи от данни с фиксирана дължина | |
| fixed length control field | 180911b bul|||||r ||||||| ||bul|| |
| 010 ## - Наследен системен номер | |
| LC control number | 003552 |
| 040 ## - Източник на каталожния запис | |
| Идентификатор на билиотеката - собственик на записа | BLK |
| 041 ## - Код за език | |
| Код за езика на текст/звукозапис или на отделно заглавие | Немски |
| Код за езика КДБФ | Български |
| 080 ## - УДК | |
| УДК - код + определител | 830(081) |
| 100 1# - Редна дума - Автор | |
| Автор | UHLAND, Ludwig |
| Авторска отговорност | първи автор |
| R(LIN) | 397279 |
| 245 00 - Сведения за заглавието | |
| Заглавие | Uhlands Werke |
| Том | B. 1B. 2B. 3B. 4 |
| 246 ## - Различни форми на заглавието | |
| Паралелно заглавие | In 4 B. |
| Текст за показване | Gedichte : Erster TeilGedichteErnst Herzog von Schwaben ; Ludwig der Bayer ; Dramatische EntwurseAus den Vorlesungen uber Geschichte der deutschen Dichtung im Mittelalter. 1830 |
| Наименование на поредна част от произведението | лирика-стихотворения |
| 260 ## - Област на издателските данни | |
| Място на издаване, разпространение и проч. | Leipzig |
| Име на издателя, разпространителя и проч. | Max Hess |
| Година на издаване | s.a |
| 300 ## - Физическа характеристика | |
| Страници | 89 с222 с269 с216 с |
| Размери/Мащаб | 16 см |
| 380 ## - Жанр | |
| Жанр | Литературознание |
| 490 ## - СЕРИИ (Колекции) | |
| Име на серия | Neue Leipziger Klassiker-Ausgaben |
| 490 ## - СЕРИИ (Колекции) | |
| Име на серия | Частна колекция - Академик Михаил Арнаудов |
| Бележки за серията | Дарение - Основен фонд |
| 501 ## - Забележка „подвързано към” | |
| Забележка: Подвързано към... | Т. 1, 2, 3 и 4 подв. заедно. |
| 505 ## - Форматирана забележка | |
| Заглавие | Gedichte : Erster TeilGedichteErnst Herzog von Schwaben |
| 505 ## - Форматирана забележка | |
| Заглавие | Ludwig der Bayer |
| 505 ## - Форматирана забележка | |
| Заглавие | Dramatische EntwurseAus den Vorlesungen uber Geschichte der deutschen Dichtung im Mittelalter. 1830 |
| 653 ## - Ключова дума – ненормативна | |
| Ключова дума | лирика |
| 653 ## - Ключова дума – ненормативна | |
| Ключова дума | стихотворения |
| 655 ## - Ключова дума – жанр/разновидност | |
| Данни за жанр/разновидност или ключова дума за фокус | немска литература |
| 700 1# - Други автори (авторска отговорност) | |
| Лично име | Ludwig Uhland |
| 9 (RLIN) | 397280 |
| 852 ## - Местоположение | |
| Форматна сигнатура | МА 630 |
| Фондова буква | Фонд "Михаил Арнаудов" |
| 999 ## - СИСТЕМНИ КОНТРОЛНИ НОМЕРА | |
| Koha biblionumber | 343891 |
| Koha biblioitemnumber | 343891 |
| 942 ## - АРТИКУЛИ | |
| Вид на библиотечния материал | Книги |
| Скрит в OPAC | Не |
| Периодичен библиозапис | Да |
| 944 ## - СЪЗДАВАНЕ И РЕДАКЦИЯ на ЗАПИСА | |
| Създаване/Редакция | Създаване |
| Дата на регистрацията/редакция | 1995 |
| Служител, извършил регистрацията/редакцията | ValK |
| 999 ## - СИСТЕМНИ КОНТРОЛНИ НОМЕРА | |
| Koha biblioitemnumber | 343891 |
| Код за отписване | Код за изгубен артикул | Източник на класификационната схема | Код за повреда | Коз за рестрикции | Код за отдаване | Артикулен № | Име на библиотеката - собственик | Име на библиотеката, в която се намира в момента | Статус (Текущо местоположение) | Местоположение - отдел | Цена в лева | Номерация (Хронология) | Инвентарен номер | Систематично азбучна сигнатура | Баркод | Номер на екземпляра | Цена в евро | Служебен тип на артикула |
|---|---|---|---|---|---|---|---|---|---|---|---|---|---|---|---|---|---|---|
| Не е изгубен | Universal Decimal Classification | Не е повреден | без рестрикции | Специални фондове ( старопечатни, редки и ценни, фонд М. Арнаудов) | 744232 | Регионална библиотека "Любен Каравелов" Русе | Регионална библиотека "Любен Каравелов" Русе | Фонд "Михаил Арнаудов" | Фонд "Михаил Арнаудов" | 28.00 | 588238 | МА 630 | 120000588238 | 1 | 14.32 | Книги |